=LDR 00000nam 2200000 4500 =001 INLIS000000000031602 =005 20181122095349 =035 ##$$a 0010-061300000031602 =008 181122###########################0#ind## =041 ##$$a ind =082 ##$$a F Rom D =090 ##$$a F Rom D, Mah, p =100 ##$$a MAHARANI =245 1#$$a Priki Just Hatched ! /$c Maharani;Editor,M.Iksan =260 ##$$a Jakarta :$b Kids Bestari,$c 2008 =300 ##$$a 24 hlm. , Illus. , 21 cm =650 ##$$a FIKSI KANAK-KANAK =850 ##$$a NBPNMAT =020 ##$$a 978-979-1168-26-7 =084 ##$$a F Rom D Mah p =710 ##$$a IHSAN, M =990 ##$$a 0001/BPAP-NTB/2016 =990 ##$$a 0001/BPAP-NTB/2016 =990 ##$$a 85038503 =990 ##$$a 20903644 =990 ##$$a 0001/BPAP-NTB/2016 =990 ##$$a 0001/BPAP-NTB/2016